000 00684cam a2200217 4500
001 8236
005 20181127185431.0
008 010202s1999 stka f 001 0 eng
010 _a 2001266957
020 _a0443059527
082 0 0 _a617.1/5
_221
100 1 _aMcRae, Ronald.
245 1 0 _aPocketbook of orthopaedics and fractures /
_cRonald McRae.
246 3 0 _aOrthopaedics and fractures
260 _aEdinburgh ;
_aNew York :
_bChurchill Livingstone,
_c1999.
300 _avii, 528 p. :
_bill. ;
_c19 cm.
500 _aIncludes index.
650 0 _aFractures
_vHandbooks, manuals, etc.
650 0 _aOrthopedics
_vHandbooks, manuals, etc.
999 _c7106
_d7106